Регионална библиотека "Любен Каравелов" - Русе

Социалдемокрацията и "третият път" (Запис номер 484224)

MARC детайли
000 -Лидер
Контролно поле с фиксирана дължина nam a22 a 4500
003 - Код на организацията, давaща контролен номер
Контролно поле BLK
005 - Дата и час на последна редакция
Контролно поле 20221206100536.0
008 - Елементи от данни с фиксирана дължина
fixed length control field 220802b bu |||||r|||| 00| | bu d
040 ## - Източник на каталожния запис
Идентификатор на билиотеката - собственик на записа BLK
041 ## - Код за език
Код за езика на текст/звукозапис или на отделно заглавие Български
Код за езика КДБФ Български
080 ## - УДК
Текстов определител УДК Партии и движения със социалистически и социалдемократически възгледи. Социалистически и социалдемократически партии. Вж и 327. 323
УДК код - определител по УДК 329.14
УДК - код + определител 329.14
139 ## - Редно поле
Редна дума Социалдемокрацията и "третият път"
245 ## - Сведения за заглавието
Заглавие Социалдемокрацията и "третият път"
Подзаглавни данни [Моногр.]
Редно поле (дума) Р. Аврамов и др. ; Под ред. на Рубен Аврамов.
260 ## - Област на издателските данни
9 (RLIN) 209548
Място на издаване, разпространение и проч. София
Име на издателя, разпространителя и проч. Наука и изкуство
Година на издаване 1980
Печатница (Ямбол : Г. Димитров)
Издателство - префикс ISBN 978-954-02-
300 ## - Физическа характеристика
Страници 235 с.
Размери/Мащаб 20 см
380 ## - Жанр
Жанр Обществени науки
490 ## - СЕРИИ (Колекции)
9 (RLIN) 206464
Име на серия Критика на буржоазната идеология на ревизионизма
500 ## - Общи забележки
Забележка Други авт. : Н. Ананиева, Н. Бехар, У. Гайслер, П. Зауер, Д. Канев, З. Кнопфе, Д. Кооп, П. Кранепул, Р. Рашков, Х. Рьотшер<br/>Изд. на Инст. са съвр. соц. теории<br/>922 тир.<br/>Кн. е съвместен труд на учени от НРБ и ГДР
650 #7 - Допълнително описание по предмет – тема
9 (RLIN) 171384
Основно описание – тема или топоним Социалдемократически партии
653 #7 - Ключова дума – ненормативна
9 (RLIN) 196970
Ключова дума социалдемократически партии
700 ## - Други автори (авторска отговорност)
9 (RLIN) 864
Лично име Аврамов, Рубен
Автороска отговорност (Описва отношението между автора и произведението) под общ. ред. на
852 ## - Местоположение
Форматна сигнатура Цб 104078
Фондова буква Хранилище
856 ## - Електронен адрес и достъп
Инструкция (цена за достъп) 0.00
Права за достъп disable
999 ## - СИСТЕМНИ КОНТРОЛНИ НОМЕРА
Koha biblionumber 484224
Koha biblioitemnumber 484224
942 ## - АРТИКУЛИ
Вид на библиотечния материал Книги
Скрит в OPAC Не
Периодичен библиозапис Да
944 ## - СЪЗДАВАНЕ И РЕДАКЦИЯ на ЗАПИСА
Създаване/Редакция Създаване
Дата на регистрацията/редакция 2022-12-06
Служител, извършил регистрацията/редакцията ир
Статус, дата на статуса 2022-12-06
Наличности
Код за отписване Код за изгубен артикул Източник на класификационната схема Код за повреда Коз за рестрикции Код за отдаване Артикулен № Име на библиотеката - собственик Име на библиотеката, в която се намира в момента Статус (Текущо местоположение) Дата на вписване в системата Местоположение - отдел Цена в лева Инвентарен номер Систематично азбучна сигнатура Баркод Цена в евро Служебен тип на артикула
  Не е изгубен Universal Decimal Classification Не е повреден само за читалня ползва се в читалня 916382 Регионална библиотека "Любен Каравелов" Русе Регионална библиотека "Любен Каравелов" Русе Хранилище 2022-12-07 Хранилище 2.19 307065 Цб 104078 120000307065 1.12 Книги
Vip Innovations Ltd, Rousse, Bulgaria 2025